Deutsche Autokennzeichen #3 - Statistiken

Allgemein
  • Dieses Quiz wurde 175 mal gespielt
    174 seit der letzten Aktualisierung
  • Das Durchschnittsergebnis liegt bei 17 aus 24
Antwortstatistiken
Kennzeichen Stadt/Landkreis % Korrekt
N Nürnberg
100%
K Köln
92%
H Hannover
91%
J Jena
88%
WOB Wolfsburg
86%
C Chemnitz
84%
OL Oldenburg
84%
DU Duisburg
81%
FR Freiburg
80%
WI Wiesbaden
77%
FL Flensburg
76%
PB Paderborn
74%
GE Gelsenkirchen
73%
BN Bonn
72%
MA Mannheim
66%
G Gera
63%
BS Braunschweig
62%
FD Fulda
61%
MS Münster
59%
HN Heilbronn
47%
BB Böblingen
46%
SN Schwerin
36%
SP Speyer
36%
V Vogtlandkreis
33%
Keine übereinstimmenden Quizze gefunden
Verteilung der Resultate
Anzahl Personen mit jedem Resultat
Perzentil nach korrekt beantworteten Fragen
Ihre Resultats-Entwicklung
Sie haben dieses Quiz seit der letzten Aktualisierung nicht gespielt